00736 2200241 4500001002100000005001500021035002000036007000300056008004100059020002200100082001000122084001600132100002900148245013900177250001100316260003200327300002900359650001600388700002800404700003000432700002300462990000900485INLIS00000000000347620190522103922 a0010-0519000068ta190522 g 0 ind  a978-979-9137-42-5 a297.8 a297.8 AMI f0 aAMIN, Bin Yahya al-Wazan1 aFatwa-fatwa tentang Wanita /cAmin bin Yahya al-Wazan; penerjemah, Amir Hamzah Fachruddin, Zaenal Abidin Syamsuddin, Ahmad Amin Sjihab acet.ix aJakarta :bDarul Haq,c2014 axii, 1099 hlm. ;c25 cm. 4aFATWA.ISLAM0 aAMIR, Hamzah Fachruddin0 aZAENAL, Abidin Syamsuddin0 aAHMAD, Amin Sjihab a6781